A kimenő logisztika teljes átszervezése és a vevői értékteremtés közötti összefüggések vizsgálata konkrét vállalati példán keresztül

Bibliográfiai részletek
Szerző: Kerschbaummayer Eliza
További közreműködők: Király Éva
Dokumentumtípus: Diplomadolgozat
Kulcsszavak:disztribúciós logisztika
értéklánc
kimenő logisztika
vevői érték
vevői értékteremtés
Online Access:http://dolgozattar.uni-bge.hu/60076

MARC

LEADER 00000nta a2200000 i 4500
001 dolg60076
005 20260409145944.0
008 260409suuuu hu om 000 hun d
040 |a BGE Dolgozattár Repozitórium  |b hun 
041 |a hu 
100 1 |a Kerschbaummayer Eliza 
245 1 2 |a A kimenő logisztika teljes átszervezése és a vevői értékteremtés közötti összefüggések vizsgálata konkrét vállalati példán keresztül  |c Kerschbaummayer Eliza  |h [elektronikus dokumentum] 
520 3 |a Diplomadolgozatom célja, hogy megvizsgáljam a vevői értékteremtés és kimenő logisztika közötti összefüggéseket egy vállalati példán keresztül. A kutatás célja, hogy a logisztikai rendszer optimalizálása miként járulhat hozzá a vevők megtartásához, a színvonal valamint a vállalati versenyképesség növeléséhez a napelemipar sajátos feltételei között. Dolgozatom során kvalitatív és kvantitatív módszereket is alkalmaztam, vizsgáltam a különböző szállítmányozási megoldások és disztribúciós strukturák vevői értékteremtésre gyakorolt hatását, ABC-XYZ elemzések segítségével. A beérkezett válaszok és saját tapasztalat alapján konkrét fejlesztési javaslatok kerültek megfogalmazása, ami közvetlenül vagy közvetett módon, de hatással van a vevői értékteremtésre, és annak növelésére, a kiszolgálás gyorsítása, a költségek csökkentése, logisztikai hibák minimalizálása érdekében. Az eredmények rávilágítanak, hogy a logisztikai hibák kiküszöbölése nem csak az értékteremtésben játszik szerepet, de működési hatékonyságot is eredményez cégen belül. 
695 |a disztribúciós logisztika 
695 |a értéklánc 
695 |a kimenő logisztika 
695 |a vevői érték 
695 |a vevői értékteremtés 
700 1 |a Király Éva  |e ths 
856 4 0 |u http://dolgozattar.uni-bge.hu/60076/1/DIPLOMADOLGOZAT_KERSCHBAUMMAYER_ELIZA_BETYO4.pdf  |z Dokumentum-elérés 
856 4 0 |u http://dolgozattar.uni-bge.hu/60076/2/Kerschbaummayer%20Eliza%20%20-%20b%C3%ADr%C3%A1lati%20lap%20BELS%C5%90.pdf  |z Dokumentum-elérés 
856 4 0 |u http://dolgozattar.uni-bge.hu/60076/3/KERSCHBAUMMAYER%20ELIZA%20b%C3%ADr%C3%A1lat.pdf  |z Dokumentum-elérés